[Event "LTU-ch Amateurs"]
[Site "Kaunas"]
[Date "2020.08.30"]
[Round "7"]
[White "Koliasnikovas, Aironas"]
[Black "Maciulaityte, Barbora"]
[Result "1-0"]
[WhiteElo "1916"]
[BlackElo "1699"]
[PlyCount "81"]
[EventDate "2020.08.27"]
[EventType "swiss"]
[EventRounds "7"]
[EventCountry "LTU"]
[SourceTitle "EXT 2022"]
[Source "ChessBase"]
[SourceDate "2021.10.06"]
[SourceVersion "1"]
[SourceVersionDate "2021.10.06"]
[SourceQuality "1"]

1. d4 d5 2. c4 e6 3. Nc3 a6 4. cxd5 exd5 5. Qc2 Nf6 6. Bg5 Be6 7. e3 Bd6 8. Bd3 h6 9. Bh4 Nbd7 10. Bf5 Bxf5 11. Qxf5 c6 12. Nge2 0-0 13. 0-0 Qc7 14. Bg3 Rae8 15. Rac1 Bxg3 16. Nxg3 Qd6 17. Qc2 Re6 18. Qb3 Qb8 19. Na4 Ne4 20. Qd3 Ndf6 21. Nxe4 Rxe4 22. Nc5 Rh4 23. h3 Re8 24. b4 Ng4 25. f4 Nxe3 26. Rf3 Nc4 27. Rcf1 Qc7 28. g3 Rxh3 29. Qf5 Qc8 30. Qxc8 Rxc8 31. Kg2 Rh5 32. g4 Rh4 33. Kg3 Rxg4+ 34. Kxg4 Nd2 35. Re1 Nxf3 36. Kxf3 Kf8 37. Nd7+ Kg8 38. Re7 a5 39. Nb6 Rb8 40. bxa5 g6 41. Rc7 1-0

[Event "LTU-ch Amateurs"]
[Site "Kaunas"]
[Date "2020.08.28"]
[Round "3"]
[White "Koliasnikovas, Aironas"]
[Black "Juknis, Paulius"]
[Result "1/2-1/2"]
[WhiteElo "1916"]
[BlackElo "2145"]
[PlyCount "35"]
[EventDate "2020.08.27"]
[EventType "swiss"]
[EventRounds "7"]
[EventCountry "LTU"]
[SourceTitle "EXT 2022"]
[Source "ChessBase"]
[SourceDate "2021.10.06"]
[SourceVersion "1"]
[SourceVersionDate "2021.10.06"]
[SourceQuality "1"]

1. d4 Nf6 2. c4 c5 3. d5 g6 4. Nc3 d6 5. e4 Bg7 6. Be2 0-0 7. Bg5 h6 8. Be3 e6 9. Qd2 exd5 10. exd5 Kh7 11. h3 b5 12. Nxb5 Ne4 13. Qc2 Re8 14. Nf3 a6 15. Nc3 Qa5 16. 0-0 Nxc3 17. bxc3 Bd7 18. Rfc1 1/2-1/2

[Event "Plunge op 40th"]
[Site "Plateliai"]
[Date "2020.07.19"]
[Round "9"]
[White "Koliasnikovas, Aironas"]
[Black "Eigminas, Kipras"]
[Result "0-1"]
[WhiteElo "1879"]
[BlackElo "2116"]
[PlyCount "66"]
[EventDate "2020.07.13"]
[EventType "swiss"]
[EventRounds "9"]
[EventCountry "LTU"]
[SourceTitle "CBM 197 Extra"]
[Source "ChessBase"]
[SourceDate "2020.09.30"]
[SourceVersion "1"]
[SourceVersionDate "2020.09.30"]
[SourceQuality "1"]

1. d4 Nf6 2. c4 c5 3. d5 g6 4. Nc3 Bg7 5. e4 d6 6. Be2 0-0 7. Bg5 h6 8. Be3 e6 9. Qd2 Kh7 10. h4 exd5 11. cxd5 Re8 12. f3 Nh5 13. g4 Ng3 14. Rh2 Nxe2 15. Ngxe2 Nd7 16. f4 Nf6 17. g5 Ng4 18. Rh1 h5 19. 0-0-0 b5 20. Ng3 b4 21. Nce2 Nxe3 22. Qxe3 Bg4 23. f5 Be5 24. Nf4 c4 25. Rdf1 Qa5 26. fxg6+ fxg6 27. Nxg6 Kxg6 28. Rf6+ Kg7 29. Kb1 b3 30. a3 c3 31. Rhf1 c2+ 32. Kc1 Qb6 33. Rf7+ Kg8 0-1

[Event "Plunge op 40th"]
[Site "Plateliai"]
[Date "2020.07.18"]
[Round "8"]
[White "Leclere, Daniel"]
[Black "Koliasnikovas, Aironas"]
[Result "0-1"]
[WhiteElo "1751"]
[BlackElo "1879"]
[PlyCount "82"]
[EventDate "2020.07.13"]
[EventType "swiss"]
[EventRounds "9"]
[EventCountry "LTU"]
[SourceTitle "CBM 197 Extra"]
[Source "ChessBase"]
[SourceDate "2020.09.30"]
[SourceVersion "1"]
[SourceVersionDate "2020.09.30"]
[SourceQuality "1"]

1. e4 c5 2. Nf3 Nc6 3. d4 cxd4 4. Nxd4 Nf6 5. Nc3 e5 6. Ndb5 d6 7. Bg5 a6 8. Na3 b5 9. Nd5 Be7 10. Bxf6 Bxf6 11. c3 Bg5 12. Nc2 0-0 13. Bd3 Be6 14. Nce3 Ne7 15. 0-0 Nxd5 16. exd5 Bd7 17. Nf5 Qf6 18. Ng3 Qe7 19. Nf5 Bxf5 20. Bxf5 g6 21. Bc2 f5 22. Qe2 Qb7 23. Rfd1 Kg7 24. g3 Rae8 25. f3 h5 26. h4 Bd8 27. Qg2 Qf7 28. a4 e4 29. f4 Bb6+ 30. Kh2 Qb7 31. Qe2 Bc7 32. Qd2 Kh7 33. Kh3 Rb8 34. b3 b4 35. c4 a5 36. Qe2 Bb6 37. Rd2 Qg7 38. Rad1 Bc5 39. Rb1 Rbe8 40. Bd1 Re7 41. Rc1 Rfe8 0-1

[Event "Plunge op 40th"]
[Site "Plateliai"]
[Date "2020.07.17"]
[Round "7"]
[White "Koliasnikovas, Aironas"]
[Black "Martinkus, Rolandas"]
[Result "0-1"]
[WhiteElo "1879"]
[BlackElo "2117"]
[PlyCount "101"]
[EventDate "2020.07.13"]
[EventType "swiss"]
[EventRounds "9"]
[EventCountry "LTU"]
[SourceTitle "CBM 197 Extra"]
[Source "ChessBase"]
[SourceDate "2020.09.30"]
[SourceVersion "1"]
[SourceVersionDate "2020.09.30"]
[SourceQuality "1"]

1. d4 Nf6 2. c4 c5 3. d5 e6 4. Nc3 exd5 5. cxd5 Bd6 6. e4 0-0 7. Bd3 Re8 8. Nge2 c4 9. Bb1 Na6 10. 0-0 Nc5 11. Qd4 b6 12. Bf4 Bxf4 13. Nxf4 d6 14. f3 Nfd7 15. Re1 Ne5 16. Nfe2 a6 17. Bc2 b5 18. Rab1 b4 19. Na4 b3 20. axb3 cxb3 21. Bd1 Ned3 22. Rf1 f5 23. Nxc5 Nxc5 24. Ng3 a5 25. Rc1 Rb8 26. exf5 Rb4 27. Qd2 Qf6 28. Ra1 Qd4+ 29. Qxd4 Rxd4 30. Rxa5 Ba6 31. Rxa6 Nxa6 32. Bxb3 Rb8 33. Bc2 Rxb2 34. Rf2 Rxd5 35. Ne4 Nc5 36. h3 Rd4 37. f6 Nxe4 38. Bxe4 Rd1+ 39. Rf1 Rxf1+ 40. Kxf1 gxf6 41. Kg1 h6 42. Kh2 Kf7 43. Kg3 Ke6 44. f4 d5 45. Bf3 d4 46. Kh4 d3 47. Kh5 Rf2 48. f5+ Kxf5 49. g4+ Ke5 50. Bd1 d2 51. Kxh6 0-1

[Event "Plunge op 40th"]
[Site "Plateliai"]
[Date "2020.07.15"]
[Round "4"]
[White "Koliasnikovas, Aironas"]
[Black "Skierus, Algimantas"]
[Result "1-0"]
[WhiteElo "1879"]
[BlackElo "1901"]
[PlyCount "73"]
[EventDate "2020.07.13"]
[EventType "swiss"]
[EventRounds "9"]
[EventCountry "LTU"]
[SourceTitle "CBM 197 Extra"]
[Source "ChessBase"]
[SourceDate "2020.09.30"]
[SourceVersion "1"]
[SourceVersionDate "2020.09.30"]
[SourceQuality "1"]

1. d4 Nf6 2. c4 e6 3. Nc3 d5 4. cxd5 exd5 5. Bg5 Be7 6. Qc2 Nbd7 7. e3 c6 8. Bd3 h6 9. Bh4 0-0 10. Nge2 Re8 11. 0-0 Nf8 12. Rae1 Ne4 13. Bxe7 Qxe7 14. f3 Nxc3 15. Nxc3 Be6 16. Na4 Rad8 17. f4 Bc8 18. f5 Nh7 19. Rf4 Nf6 20. g4 Nh7 21. Qf2 b6 22. Nc3 a6 23. Kg2 Qd6 24. h4 c5 25. Qg3 cxd4 26. Rxd4 Qc5 27. g5 hxg5 28. hxg5 f6 29. g6 Ng5 30. Rh1 Kf8 31. Rc1 Ne4 32. Qh4 Rd6 33. Qh8+ Ke7 34. Qxg7+ Kd8 35. Ne2 Rd7 36. Rxc5 Rxg7 37. Rcxd5+ 1-0

[Event "Plunge op 40th"]
[Site "Plateliai"]
[Date "2020.07.14"]
[Round "3"]
[White "Cibulskis, Vaclovas"]
[Black "Koliasnikovas, Aironas"]
[Result "1/2-1/2"]
[WhiteElo "1830"]
[BlackElo "1879"]
[PlyCount "53"]
[EventDate "2020.07.13"]
[EventType "swiss"]
[EventRounds "9"]
[EventCountry "LTU"]
[SourceTitle "CBM 197 Extra"]
[Source "ChessBase"]
[SourceDate "2020.09.30"]
[SourceVersion "1"]
[SourceVersionDate "2020.09.30"]
[SourceQuality "1"]

1. e4 d6 2. d4 Nf6 3. Nc3 g6 4. Bg5 Bg7 5. Qd2 h6 6. Be3 c6 7. h3 b5 8. a3 a5 9. Bd3 Nbd7 10. f4 e5 11. fxe5 dxe5 12. Nf3 exd4 13. Bxd4 0-0 14. 0-0 Bb7 15. e5 Nh7 16. Ne4 Qc7 17. Qc3 Nb6 18. Rae1 Nd5 19. Qd2 Rfd8 20. Bc5 Nf8 21. Bd6 Qc8 22. Nc5 Ne6 23. Nxe6 Qxe6 24. c4 bxc4 25. Bxc4 Ba6 26. Nd4 Qd7 27. Bxa6 1/2-1/2

[Event "Plunge op 40th"]
[Site "Plateliai"]
[Date "2020.07.13"]
[Round "1"]
[White "Koliasnikovas, Aironas"]
[Black "Vardanyan, Aras"]
[Result "0-1"]
[WhiteElo "1879"]
[BlackElo "2163"]
[PlyCount "78"]
[EventDate "2020.07.13"]
[EventType "swiss"]
[EventRounds "9"]
[EventCountry "LTU"]
[SourceTitle "CBM 197 Extra"]
[Source "ChessBase"]
[SourceDate "2020.09.30"]
[SourceVersion "1"]
[SourceVersionDate "2020.09.30"]
[SourceQuality "1"]

1. d4 Nf6 2. c4 c5 3. d5 b5 4. cxb5 a6 5. bxa6 g6 6. Nc3 Bg7 7. g3 d6 8. e4 0-0 9. a7 Nbd7 10. Nf3 Qa5 11. Bd2 Ba6 12. Bxa6 Qxa6 13. Qe2 Rxa7 14. a4 Rb8 15. Ra2 Rb4 16. Qxa6 Rxa6 17. 0-0 Nxe4 18. Re1 Nxd2 19. Nxd2 Kf8 20. a5 Ne5 21. Re3 Rd4 22. Nde4 Bh6 23. f4 Nc4 24. Re1 f5 25. Nf2 Rxa5 26. Rxa5 Nxa5 27. Ra1 Nc4 28. Ra8+ Kf7 29. Rb8 Bg7 30. Nfd1 Rd2 31. Rb7 Nxb2 32. Rxb2 Rxb2 33. Nxb2 Bxc3 34. Nc4 Ke8 35. Kf2 Kd7 36. Ke2 Bd4 37. h3 Bf6 38. g4 e6 39. Kd3 exd5 0-1

[Event "Plunge op-A 39th"]
[Site "Plateliai"]
[Date "2019.07.16"]
[Round "2"]
[White "Kalvaitis, Sigitas"]
[Black "Koliasnikovas, Aironas"]
[Result "1-0"]
[WhiteElo "2178"]
[BlackElo "1921"]
[PlyCount "75"]
[EventDate "2019.07.15"]
[EventType "swiss"]
[EventRounds "9"]
[EventCountry "LTU"]
[SourceTitle "CBM 191 Extra"]
[Source "ChessBase"]
[SourceDate "2019.09.30"]
[SourceVersion "1"]
[SourceVersionDate "2019.09.30"]
[SourceQuality "1"]

1. e4 c5 2. Be2 e6 3. Nf3 Nc6 4. 0-0 d5 5. exd5 exd5 6. d4 cxd4 7. Nxd4 Bc5 8. Nb3 Bb6 9. Nc3 Nge7 10. Bf4 0-0 11. Qd2 Be6 12. Rad1 Qd7 13. Na4 Bc7 14. Nac5 Qc8 15. Nxe6 fxe6 16. Bxc7 Qxc7 17. Bg4 Nd8 18. Nd4 Qb6 19. c3 e5 20. Nf3 Qd6 21. Rfe1 Ndc6 22. Qg5 h6 23. Qe3 Ng6 24. b4 Nf4 25. b5 Qg6 26. h3 e4 27. bxc6 exf3 28. cxb7 Rab8 29. Bxf3 Kh8 30. Bxd5 Rbe8 31. Be4 Qa6 32. Kh2 Qxa2 33. Qg3 Qc4 34. Bd5 Qc7 35. Rxe8 Rxe8 36. Bf3 Rf8 37. Kh1 Qxc3 38. Qxf4 1-0

[Event "LTU-ch"]
[Site "Vilnius"]
[Date "2019.03.15"]
[Round "1"]
[White "Koliasnikovas, Aironas"]
[Black "Girdziusas, Kestutis"]
[Result "1-0"]
[WhiteElo "1860"]
[BlackElo "1324"]
[PlyCount "45"]
[EventDate "2019.03.15"]
[EventType "swiss"]
[EventRounds "9"]
[EventCountry "LTU"]
[SourceTitle "CBM 189 Extra"]
[Source "ChessBase"]
[SourceDate "2019.06.03"]
[SourceVersion "1"]
[SourceVersionDate "2019.06.03"]
[SourceQuality "1"]

1. d4 Nf6 2. c4 g6 3. Nc3 Bg7 4. e4 d6 5. Be2 0-0 6. Bg5 h6 7. Be3 e5 8. d5 Na6 9. Qc1 g5 10. h4 Nh7 11. hxg5 Nxg5 12. Nf3 f6 13. Nh4 Qe8 14. Qd1 f5 15. exf5 Bxf5 16. Nxf5 Rxf5 17. Bg4 Rf6 18. Bxg5 hxg5 19. Be6+ Kf8 20. Ne4 Rh6 21. Qf3+ Ke7 22. Rxh6 Bxh6 23. Qf6# 1-0

[Event "Plunge op-A 38th"]
[Site "Plateliai"]
[Date "2018.07.22"]
[Round "9"]
[White "Indriunas, Matas"]
[Black "Koliasnikovas, Aironas"]
[Result "1/2-1/2"]
[WhiteElo "1792"]
[BlackElo "1693"]
[PlyCount "37"]
[EventDate "2018.07.16"]
[EventType "swiss"]
[EventRounds "9"]
[EventCountry "LTU"]
[SourceTitle "EXT 2019"]
[Source "ChessBase"]
[SourceDate "2018.10.10"]
[SourceVersion "1"]
[SourceVersionDate "2018.10.10"]
[SourceQuality "1"]

1. e4 c5 2. Nf3 Nc6 3. d4 cxd4 4. Nxd4 Nf6 5. Nc3 e5 6. Ndb5 d6 7. Bg5 a6 8. Na3 b5 9. Bxf6 gxf6 10. Nd5 f5 11. c3 Bg7 12. Bd3 Be6 13. Nc2 Bxd5 14. exd5 Ne7 15. Ne3 e4 16. Bc2 0-0 17. Qh5 Qd7 18. g4 f6 19. h3 1/2-1/2

[Event "Plunge op-A 38th"]
[Site "Plateliai"]
[Date "2018.07.21"]
[Round "8"]
[White "Koliasnikovas, Aironas"]
[Black "Jonkus, Lukas"]
[Result "1/2-1/2"]
[WhiteElo "1693"]
[BlackElo "1841"]
[PlyCount "21"]
[EventDate "2018.07.16"]
[EventType "swiss"]
[EventRounds "9"]
[EventCountry "LTU"]
[SourceTitle "EXT 2019"]
[Source "ChessBase"]
[SourceDate "2018.10.10"]
[SourceVersion "1"]
[SourceVersionDate "2018.10.10"]
[SourceQuality "1"]

1. d4 Nf6 2. c4 g6 3. Nc3 d5 4. e3 Bg7 5. Nf3 0-0 6. Be2 c6 7. 0-0 Bg4 8. cxd5 Nxd5 9. h3 Nxc3 10. bxc3 Bf5 11. Qb3 1/2-1/2

[Event "Plunge op-A 38th"]
[Site "Plateliai"]
[Date "2018.07.17"]
[Round "2"]
[White "Kuvsinov, Anatolij"]
[Black "Koliasnikovas, Aironas"]
[Result "0-1"]
[WhiteElo "1789"]
[BlackElo "1693"]
[PlyCount "42"]
[EventDate "2018.07.16"]
[EventType "swiss"]
[EventRounds "9"]
[EventCountry "LTU"]
[SourceTitle "EXT 2019"]
[Source "ChessBase"]
[SourceDate "2018.10.10"]
[SourceVersion "1"]
[SourceVersionDate "2018.10.10"]
[SourceQuality "1"]

1. e4 c5 2. Nf3 Nc6 3. c4 Nf6 4. Nc3 e5 5. d3 Be7 6. Be2 0-0 7. 0-0 d6 8. a3 a5 9. Bd2 Bd7 10. h3 h6 11. Nd5 a4 12. b4 axb3 13. Qxb3 Nxd5 14. exd5 Nd4 15. Nxd4 exd4 16. Rab1 Ra7 17. Bf4 Qa8 18. Qb6 Re8 19. Bf3 Bf5 20. Rb3 Rd8 21. Re1 Rd7 0-1

[Event "LTU-ch"]
[Site "Kaunas"]
[Date "2018.03.06"]
[Round "7"]
[White "Leclere, Daniel"]
[Black "Koliasnikovas, Aironas"]
[Result "1-0"]
[WhiteElo "1531"]
[BlackElo "1743"]
[PlyCount "79"]
[EventDate "2018.03.02"]
[EventType "swiss"]
[EventRounds "9"]
[EventCountry "LTU"]
[SourceTitle "CBM 183 Extra"]
[Source "ChessBase"]
[SourceDate "2018.04.19"]
[SourceVersion "1"]
[SourceVersionDate "2018.04.19"]
[SourceQuality "1"]

1. e4 c5 2. Nf3 Nc6 3. d4 cxd4 4. Nxd4 Nf6 5. Nc3 e5 6. Ndb5 d6 7. Bg5 a6 8. Na3 b5 9. Nd5 Be7 10. Nxe7 Qxe7 11. Bxf6 Qxf6 12. c3 Ne7 13. Qf3 Qg6 14. Bd3 0-0 15. Qg3 Qh6 16. Qe3 Qg6 17. 0-0-0 Be6 18. Kb1 Rfb8 19. Nc2 f6 20. f4 Qf7 21. a3 a5 22. fxe5 dxe5 23. Qc5 Bb3 24. Bxb5 Rb7 25. Rd7 Rxd7 26. Bxd7 Ng6 27. Qc6 Rd8 28. Rd1 f5 29. Qc7 Rf8 30. exf5 Nh4 31. Qxe5 Nxf5 32. Bxf5 Qxf5 33. Qxf5 Rxf5 34. Nd4 Bxd1 35. Nxf5 Kf7 36. Kc1 Bh5 37. Kd2 Kf6 38. Nd4 Be8 39. Kd3 Ke5 40. b4 1-0

[Event "LTU-ch"]
[Site "Kaunas"]
[Date "2018.03.04"]
[Round "4"]
[White "Koliasnikovas, Aironas"]
[Black "Vardanyan, Aras"]
[Result "1/2-1/2"]
[WhiteElo "1743"]
[BlackElo "1710"]
[PlyCount "114"]
[EventDate "2018.03.02"]
[EventType "swiss"]
[EventRounds "9"]
[EventCountry "LTU"]
[SourceTitle "CBM 183 Extra"]
[Source "ChessBase"]
[SourceDate "2018.04.19"]
[SourceVersion "1"]
[SourceVersionDate "2018.04.19"]
[SourceQuality "1"]

1. d4 d6 2. c4 e5 3. e3 Nf6 4. Nc3 Nc6 5. Nf3 Bg4 6. Be2 e4 7. Nd2 Bxe2 8. Qxe2 Qe7 9. Nd5 Nxd5 10. cxd5 Nd8 11. Qb5+ c6 12. Qa4 Qg5 13. dxc6 b5 14. Qc2 Qxg2 15. Qxe4+ Qxe4 16. Nxe4 Nxc6 17. Bd2 Kd7 18. 0-0 f5 19. Nc3 a6 20. Nd5 Rb8 21. Rfc1 g6 22. Nf6+ Ke7 23. Rxc6 Kxf6 24. Rxa6 Rb7 25. Rc1 Be7 26. Bb4 Ke6 27. Rcc6 Rd8 28. Kg2 Rdd7 29. Rc8 Ra7 30. Rxa7 Rxa7 31. a3 Rb7 32. f3 Kd5 33. Bc3 Bf6 34. Re8 Re7 35. Rxe7 Bxe7 36. b3 h5 37. Kf2 g5 38. Ke2 g4 39. fxg4 hxg4 40. Kd3 Bd8 41. Be1 Bc7 42. Bg3 Ba5 43. b4 Bd8 44. Bf4 Bh4 45. Ke2 Ke6 46. Kd2 d5 47. Kc3 Kd7 48. Kb3 Kc6 49. a4 Kb6 50. a5+ Ka6 51. Kc2 Be7 52. Kc3 Kb7 53. Bg3 Ka6 54. Be1 Bd6 55. Bg3 Be7 56. Be5 Kb7 57. Kb3 Ka6 1/2-1/2

[Event "LTU-ch"]
[Site "Kaunas"]
[Date "2018.03.04"]
[Round "5"]
[White "Vaskevicius, Augustas"]
[Black "Koliasnikovas, Aironas"]
[Result "1/2-1/2"]
[WhiteElo "1947"]
[BlackElo "1743"]
[PlyCount "33"]
[EventDate "2018.03.02"]
[EventType "swiss"]
[EventRounds "9"]
[EventCountry "LTU"]
[SourceTitle "CBM 183 Extra"]
[Source "ChessBase"]
[SourceDate "2018.04.19"]
[SourceVersion "1"]
[SourceVersionDate "2018.04.19"]
[SourceQuality "1"]

1. Nf3 Nf6 2. c4 c5 3. e3 e6 4. b3 d5 5. Bb2 Nc6 6. d4 cxd4 7. exd4 Bb4+ 8. Nbd2 0-0 9. Bd3 b6 10. 0-0 Be7 11. Rc1 Bb7 12. Qe2 Rc8 13. Rfd1 Re8 14. Ne5 dxc4 15. Ndxc4 Nb4 16. Bb1 Nbd5 17. Ne3 1/2-1/2

[Event "EU-ch blitz"]
[Site "Katowice"]
[Date "2017.12.15"]
[Round "1"]
[White "Moskalenko, Alexander"]
[Black "Koliasnikovas, Aironas"]
[Result "1-0"]
[WhiteElo "2522"]
[BlackElo "1684"]
[PlyCount "61"]
[EventDate "2017.12.15"]
[EventType "swiss (blitz)"]
[EventRounds "22"]
[EventCountry "POL"]
[SourceTitle "CBM 182 Extra"]
[Source "ChessBase"]
[SourceDate "2018.02.23"]
[SourceVersion "1"]
[SourceVersionDate "2018.02.23"]
[SourceQuality "1"]

1. e4 c5 2. Nf3 Nc6 3. Nc3 d6 4. d4 cxd4 5. Nxd4 e5 6. Nb3 Nf6 7. Bc4 Be7 8. 0-0 0-0 9. Re1 a6 10. a4 Be6 11. Bxe6 fxe6 12. Bg5 Nd7 13. Be3 Rc8 14. a5 Qe8 15. f3 Qg6 16. Na4 Kh8 17. Kh1 h6 18. c4 Ncb8 19. Qe2 d5 20. exd5 exd5 21. cxd5 Rc2 22. Nd2 Bb4 23. Nc3 Rxb2 24. Nce4 Nf6 25. Reb1 Rxb1+ 26. Rxb1 Nxe4 27. Nxe4 Bxa5 28. Rxb7 Rc8 29. h3 Qe8 30. Nd6 Qd8 31. Nf7+ 1-0

[Event "LTU-ch U16"]
[Site "Kaunas"]
[Date "2017.04.09"]
[Round "6"]
[White "Koliasnikovas, Aironas"]
[Black "Mockus, Dziugas"]
[Result "1/2-1/2"]
[WhiteElo "1697"]
[BlackElo "1580"]
[PlyCount "89"]
[EventDate "2017.04.05"]
[EventType "swiss"]
[EventRounds "7"]
[EventCountry "LTU"]
[SourceTitle "CBM 177 Extra"]
[Source "ChessBase"]
[SourceDate "2017.04.27"]
[SourceVersion "1"]
[SourceVersionDate "2017.04.27"]
[SourceQuality "1"]

1. d4 d5 2. c4 c6 3. Nf3 Nf6 4. Nc3 e6 5. e3 Nbd7 6. Qc2 Bd6 7. g4 dxc4 8. Bxc4 Nd5 9. g5 Qe7 10. a3 Nxc3 11. bxc3 e5 12. h4 Nb6 13. Be2 c5 14. Bb2 c4 15. Nd2 Be6 16. a4 a5 17. Rg1 0-0 18. dxe5 Bxe5 19. f4 Bd6 20. f5 Bd5 21. e4 Rfe8 22. Rg4 Bc6 23. h5 Rac8 24. f6 Qe6 25. fxg7 Bd7 26. g6 fxg6 27. hxg6 hxg6 28. Kd1 Nd5 29. Nf1 Nf4 30. Ne3 Qxe4 31. Rxf4 Bxf4 32. Qxe4 Rxe4 33. Nc2 Rce8 34. Nd4 Kxg7 35. Ra2 Be5 36. Bxc4 Bxd4 37. cxd4 Kh7 38. Bc3 b6 39. Rh2+ Kg7 40. Bb3 Bf5 41. d5+ Kg8 42. Rh8+ Kf7 43. d6+ Be6 44. Rh7+ Kf8 45. Rh8+ 1/2-1/2

[Event "LTU-ch U16"]
[Site "Kaunas"]
[Date "2017.04.08"]
[Round "5"]
[White "Pultinevicius, Paulius"]
[Black "Koliasnikovas, Aironas"]
[Result "1-0"]
[WhiteElo "2389"]
[BlackElo "1697"]
[PlyCount "123"]
[EventDate "2017.04.05"]
[EventType "swiss"]
[EventRounds "7"]
[EventCountry "LTU"]
[SourceTitle "CBM 177 Extra"]
[Source "ChessBase"]
[SourceDate "2017.04.27"]
[SourceVersion "1"]
[SourceVersionDate "2017.04.27"]
[SourceQuality "1"]

1. Nf3 d5 2. g3 c6 3. Bg2 Nd7 4. c4 e6 5. 0-0 Ngf6 6. d4 Bd6 7. Nbd2 0-0 8. Qc2 e5 9. cxd5 cxd5 10. dxe5 Nxe5 11. Nxe5 Bxe5 12. Nf3 Qc7 13. Qxc7 Bxc7 14. b3 Bd7 15. Bb2 Ne4 16. Rfd1 Bb6 17. e3 Bc6 18. Ne5 Rfd8 19. Rac1 Be8 20. g4 f6 21. Nd3 Bf7 22. Nf4 a5 23. Bd4 Bxd4 24. Rxd4 g5 25. Nxd5 Bxd5 26. Bxe4 Bxe4 27. Rxe4 Rd7 28. Re6 Kf7 29. Rb6 a4 30. b4 Ra6 31. Rb5 Kg6 32. Rc3 b6 33. Rc6 Rd2 34. Rf5 Rxa2 35. Rfxf6+ Kg7 36. Rxb6 Rxb6 37. Rxb6 Rb2 38. b5 a3 39. Ra6 Rxb5 40. Rxa3 Rb6 41. Kg2 Kg6 42. Ra5 Rc6 43. h3 h6 44. Rd5 Ra6 45. e4 Kf6 46. Kg3 Rb6 47. f3 Ra6 48. h4 Rb6 49. e5+ Ke6 50. Rd6+ Rxd6 51. exd6 Kxd6 52. f4 gxf4+ 53. Kxf4 Ke6 54. Ke4 Kf7 55. Ke5 Ke7 56. Kf5 Kf7 57. h5 Kf8 58. Kg6 Kg8 59. Kxh6 Kh8 60. g5 Kg8 61. g6 Kh8 62. Kg5 1-0

[Event "LTU-ch U16"]
[Site "Kaunas"]
[Date "2017.04.05"]
[Round "1"]
[White "Raudys, Danielius"]
[Black "Koliasnikovas, Aironas"]
[Result "1/2-1/2"]
[WhiteElo "1365"]
[BlackElo "1697"]
[PlyCount "81"]
[EventDate "2017.04.05"]
[EventType "swiss"]
[EventRounds "7"]
[EventCountry "LTU"]
[SourceTitle "CBM 177 Extra"]
[Source "ChessBase"]
[SourceDate "2017.04.27"]
[SourceVersion "1"]
[SourceVersionDate "2017.04.27"]
[SourceQuality "1"]

1. e4 c5 2. Nc3 d6 3. Bb5+ Bd7 4. Bxd7+ Qxd7 5. d3 Nc6 6. Nf3 g6 7. a3 Bg7 8. Bd2 e6 9. Rb1 Rc8 10. 0-0 Nge7 11. Qc1 0-0 12. Bh6 Nd4 13. Nxd4 cxd4 14. Ne2 e5 15. Bxg7 Kxg7 16. Ng3 f5 17. exf5 Nxf5 18. Nxf5+ Rxf5 19. Qd2 Qc6 20. Rfc1 Rcf8 21. h3 h6 22. Rf1 Rg5 23. f3 Rc8 24. g4 e4 25. dxe4 Qb6 26. Qd3 Rb5 27. Rfd1 Rxb2 28. Rxb2 Qxb2 29. Qxd4+ Qxd4+ 30. Rxd4 Rc3 31. Rxd6 Rxf3 32. Rd3 Rf7 33. Rc3 b6 34. Kg2 Rf4 35. Rc7+ Kf6 36. e5+ Kxe5 37. Rxa7 Rc4 38. Re7+ Kf6 39. Re2 Rc3 40. a4 Rc4 41. Rd2 1/2-1/2

[Event "LTU-ch"]
[Site "Vilnius"]
[Date "2017.02.25"]
[Round "1"]
[White "Koliasnikovas, Aironas"]
[Black "Ceponis, Tadas"]
[Result "1/2-1/2"]
[WhiteElo "1571"]
[BlackElo "2117"]
[PlyCount "107"]
[EventDate "2017.02.25"]
[EventType "swiss"]
[EventRounds "9"]
[EventCountry "LTU"]
[SourceTitle "CBM 177 Extra"]
[Source "ChessBase"]
[SourceDate "2017.04.27"]
[SourceVersion "1"]
[SourceVersionDate "2017.04.27"]
[SourceQuality "1"]

1. d4 Nf6 2. Nf3 c5 3. d5 b5 4. c4 d6 5. Qc2 g6 6. Nc3 b4 7. Ne4 Nxe4 8. Qxe4 Bg7 9. Qc2 Nd7 10. e4 0-0 11. Bd3 a5 12. Bd2 Nb6 13. Rb1 Bg4 14. 0-0 Ra7 15. Ne1 Bc8 16. Be3 e5 17. f4 exf4 18. Bxf4 Qe7 19. Nf3 Nd7 20. Qd2 Ne5 21. Kh1 Ba6 22. Qe2 Nxf3 23. Rxf3 Be5 24. Bh6 Bg7 25. Qd2 Bxh6 26. Qxh6 f6 27. Rbf1 Qe5 28. b3 Bc8 29. h3 Raf7 30. g4 Qg5 31. Qxg5 fxg5 32. Kg2 h5 33. Rxf7 Rxf7 34. Rxf7 Kxf7 35. Be2 Kf6 36. Kf2 Ke5 37. Ke3 Bd7 38. Bf3 a4 39. Bd1 Bc8 40. Be2 Ba6 41. Bd3 Kf6 42. Be2 Bc8 43. Bd1 Ke5 44. Be2 hxg4 45. hxg4 a3 46. Bf3 Bd7 47. Bd1 Be8 48. Bc2 Kf6 49. Kd3 Bd7 50. Bd1 Bc8 51. Be2 Bb7 52. Bd1 Ba6 53. Ke3 Ke5 54. Be2 1/2-1/2

[Event "Palanga op"]
[Site "Palanga"]
[Date "2015.06.20"]
[Round "9"]
[White "Koliasnikovas, Aironas"]
[Black "Butvilas, Aistis"]
[Result "1/2-1/2"]
[WhiteElo "1592"]
[BlackElo "1609"]
[PlyCount "75"]
[EventDate "2015.06.15"]
[EventType "swiss"]
[EventRounds "9"]
[EventCountry "LTU"]
[SourceTitle "CBM 167 Extra"]
[Source "ChessBase"]
[SourceDate "2015.09.14"]
[SourceVersion "1"]
[SourceVersionDate "2015.09.14"]
[SourceQuality "1"]

1. d4 d5 2. Nf3 Nf6 3. c4 c6 4. Nc3 e6 5. e3 Nbd7 6. Qc2 Bd6 7. g4 h6 8. h3 g5 9. Bd2 h5 10. gxh5 Nxh5 11. c5 Bc7 12. Rg1 Rg8 13. h4 g4 14. Ng5 Ndf6 15. Ne2 Bd7 16. Bc3 Qe7 17. 0-0-0 b6 18. Bb4 a5 19. Ba3 b5 20. b3 a4 21. b4 Ne4 22. Nxe4 dxe4 23. Ng3 Nxg3 24. fxg3 f5 25. Be2 Qf7 26. Kb1 e5 27. dxe5 Be6 28. Ka1 Bd5 29. Qb1 Qe6 30. Bb2 a3 31. Bd4 Kf7 32. Rd2 Ra4 33. Bd1 Raa8 34. Bb3 Bxb3 35. Qxb3 Ra4 36. Rgd1 Qxb3 37. axb3 Ra6 38. Ka2 1/2-1/2